| 000 | 00565nam a2200229Ia 4500 | ||
|---|---|---|---|
| 003 | OSt | ||
| 005 | 20220509151608.0 | ||
| 008 | 210210b2015 xxu||||| |||| 00| 0 eng d | ||
| 020 | _a9780198077053 | ||
| 040 |
_aAL _c |
||
| 041 | _aeng | ||
| 082 | _a651.7 RAMB | ||
| 100 |
_aRAMAN (Meenakshi) _935108 |
||
| 245 | _aBusiness communication | ||
| 250 | _a2 | ||
| 260 |
_aNew Delhi _bOxford University Press _c2015 |
||
| 300 | _axx,650 | ||
| 690 |
_aBusiness Communication _935109 |
||
| 700 |
_aSINGH (Prakash) _935110 |
||
| 906 | _a072180 | ||
| 942 |
_2ddc _cBK |
||
| 999 |
_c122065 _d122065 |
||